Norse Mythology - Statistics

General Stats
  • This quiz has been taken 30,901 times
  • The average score is 12 of 16
Answer Stats
Hint Answer % Correct
The god of thunder Thor
100%
Type of weapon carried by the above Hammer
92%
Shapeshifter sometimes described as a trickster god Loki
91%
One-eyed god who Wednesday is named for Odin
88%
Giant hall of the gods where half of those who die in battle will be taken Valhalla
83%
Bifröst is a ______-colored bridge that connects Earth to the realm of the gods Rainbow
75%
"R" word which refers to letters of the Germanic alphabets, some of which are inscribed onto stones Runes
74%
Prophesized event, called the "Twilight of the Gods", which will flood the world and kill all but two humans Ragnarök
71%
Yggdrasil is a giant ____ which connects the Nine Worlds Tree
70%
Jörmungandr is a ____ which is so big it wraps around the entire world Serpent
69%
Goddess who Friday is named for Frigg
68%
Female figures who will take slain warriors to their place in the afterlife Valkyries
68%
Types of animals which accompany the above (name either) Wolves and ravens
68%
Realm in which the above is located Asgard
59%
"S" word that refers to Viking stories, particularly ones about Iceland Saga
50%
Winter holiday celebrated near the solstice Yule
41%
No matching quizzes found
Score Distribution
Percent of People with Each Score
Percentile by Number Answered
Your Score History
You have not taken this quiz